| 000 | 01117nas a2200385 4500 | ||
|---|---|---|---|
| 001 | BR0502385 | ||
| 003 | BR-BrBNA | ||
| 005 | 20231205105346.0 | ||
| 007 | ta | ||
| 008 | 230509b bl.|||p| |||| 00| 00por d | ||
| 040 |
_aBR-BrBNA _bpor _cBiblioteca Nacional de Agricultura |
||
| 041 | _a(Pt) | ||
| 072 | _aF30 | ||
| 100 | 1 | _aPereira, M.C.T. | |
| 100 | 1 | _aSalomão, L.C.C. | |
| 100 | 1 | _aSilva, S. de O. e | |
| 100 | 1 | _aCecon, P.R. | |
| 100 | 1 | _aPuschmann, R. | |
| 100 | 1 | _aJesus, O.N. de | |
| 100 | 1 | _aCerqueira, R.C. | |
| 245 | 1 | _aSuscetibilidade à queda natural e caracterização dos frutos de diversos genótipos de bananeiras | |
| 650 | _aBANANA ANÃ | ||
| 650 | _aBANANA DA TERRA | ||
| 650 | _aBANANA OURO | ||
| 650 | _aBANANA PRATA | ||
| 650 | _aQUEDA DOS FRUTOS | ||
| 650 | _aVARIEDADE RESISTENTE | ||
| 650 | _aHÍBRIDO | ||
| 650 | _aGENÓTIPO | ||
| 650 | _aGENÔMA | ||
| 650 | _aBAHIA | ||
| 773 | 0 |
_tRevista Brasileira de Fruticultura (Brazil) _xISSN 0100-2945 _g(Dec 2004), v. 26(3) p. 499-502 _wBR0502385 |
|
| 909 |
_a202311 _bLúcia _c55 _dLúcia Elande |
||
| 942 |
_2AGRIS _n0 _cANA |
||
| 999 |
_c182541 _d182541 |
||